Získavanie extraktívnych látok z rastlinnej biomasy viniča hroznorodého za účelom ich použitia v kozmetických emulziách
Salvato in:
| Autore principale: | |
|---|---|
| Altri autori: | |
| Natura: | Manoscritto Libro |
| Lingua: | slovacco |
| Pubblicazione: |
2018
|
| Soggetti: | |
| Accesso online: | http://is.stuba.sk/zp/portal_zp.pl?podrobnosti=132871 |
| Tags: |
Nessun Tag, puoi essere il primo ad aggiungerne!!
|
MARC
| LEADER | 00000ntm a22000003a 4500 | ||
|---|---|---|---|
| 001 | stuzp69817 | ||
| 003 | SK-STU | ||
| 005 | 20180623211039.7 | ||
| 007 | ta | ||
| 008 | 150427s2015----xo-----f-mn---000-0-slo-d | ||
| 040 | |a STU |b slo | ||
| 041 | 0 | |a slo | |
| 100 | 1 | |a Biroščáková, Lucia |u 040200 |4 aut |U FCHPT Fakulta chemickej a potravinárskej technológie |T FCHPT Ústav potravinárstva a výživy |X 82116 |U C020 |Y 684 |7 82116 | |
| 242 | 0 | 1 | |a Obtaining extractive substances from plant biomass of grape vines, for their use in cosmetic emulsions |y eng |
| 245 | 1 | 0 | |a Získavanie extraktívnych látok z rastlinnej biomasy viniča hroznorodého za účelom ich použitia v kozmetických emulziách |
| 260 | |c 2018 | ||
| 650 | 4 | |a extrakcia |2 slo | |
| 650 | 4 | |a emulzia |2 slo | |
| 650 | 4 | |a vinič hroznorodý |2 slo | |
| 650 | 4 | |a antioxidant |2 slo | |
| 650 | 4 | |a extrakt |2 slo | |
| 650 | 4 | |a DPPH |2 slo | |
| 650 | 4 | |a trolox |2 slo | |
| 650 | 4 | |a extraction |2 eng | |
| 650 | 4 | |a emulsion |2 eng | |
| 650 | 4 | |a grape vine |2 eng | |
| 650 | 4 | |a antioxidant |2 eng | |
| 650 | 4 | |a extract |2 eng | |
| 650 | 4 | |a DPPH |2 eng | |
| 650 | 4 | |a trolox |2 eng | |
| 700 | 1 | |a Kreps, František |u 040250 |k Z2 |4 ths |U FCHPT Ústav potravinárstva a výživy |T FCHPT Oddelenie potravinárskej technológie |X 40487 |U C0250 |Y 685 |7 A000040487 | |
| 856 | 4 | |u http://is.stuba.sk/zp/portal_zp.pl?podrobnosti=132871 | |